Score 0/16 Timer 03:00
0 Plays Today
% Correct
The Simpsons
99.5%
Peanuts
97.1%
Disney Characters
96.1%
Teenage Mutant Ninja Turtles
95.5%
Mario Kart
95%
Sesame Street
94.4%
Where's Waldo
94.4%
Lego
94.1%
% Correct
Star Wars
92.5%
Pac-Man
91.7%
The Muppets
91.4%
The Beatles
89.1%
My Little Pony
87.7%
Harry Potter
85.3%
The Powerpuff Girls
75.8%
Glee
58.7%
Remove Ads.
Support Sporcle.
Get the best of Sporcle when you Go Orange. This ad-free experience offers more features, more stats, and more fun while also helping to support Sporcle. Thank you for becoming a member.

You're not logged in!

Compare scores with friends on all Sporcle quizzes.
OR
Log In

Show Comments

Extras

Top Quizzes Today


Score Distribution

Your Account Isn't Verified!

In order to create a playlist on Sporcle, you need to verify the email address you used during registration. Go to your Sporcle Settings to finish the process.

Report this User

Report this user for behavior that violates our Community Guidelines.

Details: